000 01295nam a22003377a 4500
001 1613
005 20250807154011.0
020 _a9781338152043
040 _aDLC
_beng
_cDLC
_erda
_dDLC
_dFISKH
050 0 0 _aPZ7.G21188
_bMax 2013
082 0 0 _a[Fic]
_223
100 1 _aGarza, Xavier
_eauthor,
_eillustrator
245 1 0 _aMaximilian & the bingo rematch /
_cwritten and illustrated by Xavier Garza.
246 3 _aMaximilian and the bingo rematch
250 _aFirst edition.
260 _aNew York :
_bScholastic,
_c2013
300 _a219 pages :
_billustrations ;
_c23 cm
500 _aSequel to: Lucha libre: the Man in the Silver Mask: a bilingual cuento.
505 _aM
520 _aEverybody is fighting in sixth-grader Maximilian's world as his elderly aunts battle for the Queen Bingo trophy, his masked uncles wrestle for the tag-team title of the world, and his sweetheart and the "new girl" battle for Max's heart.
521 _a640
_bLexile
521 _aM
_bRaz-Plus
521 _aParallel English and Spanish text
650 1 _aWrestling
_vFiction.
650 1 _aSpanish
_vLanguage
650 1 _aDating
_vFiction.
650 1 _aAunts
_vFiction.
650 1 _aMexican Americans
_vFiction.
906 _a7
_bcbc
_corignew
_d1
_eecip
_f20
_gy-gencatlg
942 _2ddc
_cBK
_n0
999 _c1613
_d1613